WOMEN in Sabah : needs, concerns, aspirations
| Corporate Author: | |
|---|---|
| Format: | Book |
| Published: |
Kota Kinabalu :
Sabah Women Action Resource Group ,
1992
|
| Subjects: |
MARC
| LEADER | 00000cam a2200000 7i4500 | ||
|---|---|---|---|
| 001 | 0000002593 | ||
| 005 | 20030826.0 | ||
| 090 | 0 | 0 | |a 305.40959521 |b WOM 1992 |
| 245 | 0 | 0 | |a WOMEN in Sabah : |b needs, concerns, aspirations |c Sabah Women Action Resource Group |
| 260 | 0 | 0 | |a Kota Kinabalu : |b Sabah Women Action Resource Group , |c 1992 |
| 300 | |a 131 p. : |b ill. ; |c 23 cm. | ||
| 500 | 0 | 0 | |a Bibliography : p. 129-130 |
| 650 | 0 | 0 | |a Women |z Sabah |
| 710 | 1 | 1 | |a Sabah Women Action Resource Group |
| 998 | |a JPSM | ||
| 999 | |a 0000004371 |b Monograph |c Open Shelf |e Default branch | ||